Kader Hannover 96 - Statistiken

Allgemein
  • Dieses Quiz wurde 116 mal gespielt
  • Das Durchschnittsergebnis liegt bei 20 aus 30
Antwortstatistiken
# Spieler % Korrekt
1 Ron-Robert Zieler
100%
18 Derrick Köhn
88%
21 Sei Muroya
88%
36 Cedric Teuchert
82%
16 Havard Nielsen
82%
5 Phil Neumann
80%
6 Fabian Kunze
79%
23 Nicolò Tresoldi
78%
31 Julian Börner
77%
14 Maximilian Beier
77%
Stefan Leitl
77%
30 Leo Weinkauf
74%
11 Louis Schaub
74%
4 Bright Arrey-Mbi
73%
20 Jannik Dehm
72%
9 Hendrik Weydandt
71%
7 Max Besuschkow
69%
8 Enzo Leopold
68%
10 Sebastian Ernst
68%
37 Sebastian Kerk
67%
32 Luka Krajnc
52%
34 Yannik Lührs
52%
24 Antonio Foti
51%
38 Monju Momuluh
48%
22 Sebastian Stolze
48%
33 Toni Stahl
48%
3 Ekin Celebi
41%
19 Eric Uhlmann
32%
29 Gaël Ondoua
30%
27 Tim Walbrecht
23%
Keine übereinstimmenden Quizze gefunden
Verteilung der Resultate
Anzahl Personen mit jedem Resultat
Perzentil nach korrekt beantworteten Fragen
Ihre Resultats-Entwicklung
Sie haben dieses Quiz noch nicht gespielt